Apuntes motores de gasolina: funcionamiento y servicio

Salvato in:
Dettagli Bibliografici
Autore principale: Sarmiento Martínez, Pedro (Autore)
Natura: Libro
Lingua:spagnolo
Pubblicazione: Valparaíso Universidad Técnica Federico Santa María 1972
Soggetti:
Tags: Aggiungi Tag
Nessun Tag, puoi essere il primo ad aggiungerne!!

MARC

LEADER 00000nam a2200000 a 4500
001 UCG1428
003 CL-VaPUC
008 100506e19720000CL |||||||||||||||||spa|d
082 0 4 |a 629.25  |b SAR  |2 21 
100 0 |a Sarmiento Martínez, Pedro   |e author  |9 549353 
245 1 0 |a Apuntes motores de gasolina: funcionamiento y servicio 
300 |a 119 p 
942 |c BK 
945 |d 20100506 00:00:00  |a rbrito 
260 |a Valparaíso  |b Universidad Técnica Federico Santa María  |c 1972 
650 7 |a MOTORES DE GASOLINA  |2 CL-VaPUC  |9 428684 
650 0 |a Automóviles  |9 260871 
650 7 |a COMBUSTION INTERNA  |2 CL-VaPUC  |9 391535 
650 7 |a MOTORES DE AUTOMOVILES  |2 CL-VaPUC  |9 364790 
650 0 |a Electricidad  |9 260222 
650 7 |a SISTEMA DE ENCENDIDO  |2 CL-VaPUC  |9 435396 
650 7 |a CARBURADORES  |2 CL-VaPUC  |9 391536 
583 |a last modification  |c 20100506 00:00:00  |k Rodrigo Vera 
999 |c 340795  |d 340793 
952 |0 0  |1 0  |4 0  |6 629_250000000000000_SAR_1972  |7 0  |8 A  |9 435827  |a BIBMEC  |b BIBMEC  |d 2019-11-22  |i 4667271  |o 629.25 SAR 1972  |p 4667271  |r 2024-01-19  |w 2019-11-22  |y BK  |k MEC